00802nam a2200253 4500003001100000005001700011008004100028020001500069040003900084041000800123082001500131245011100146260003800257300004000295650003100335650003000366650002400396650002300420700002200443700002800465700001600493700001700509700002200526LK-CoMWRAF20230828123304.0230819b2004 |||||||| |||| 00| 0 eng d a906832716X aLK-CoMWRAFdLK-CoMWRAFeLK-CoMWRAF aeng a614.5bGEN aGender, leprosy, and leprosy control:ba case study in the Far West and Eastern Development regions, Nepal aAmsterdam:bKIT Publishers,c2004 a120 p. : illbBibliography included aLEPROSY-NEPAL-CASE STUDIES aLeprosy-Nepal-Prevention. aLeprosy-Sex factors aDisease management aBurathoki, Kamala aVarkevisser, Corlien M. aPeter Lever aMartijn Vink aNarayan Sitaula,